| 000 | 00844nam a22001935i 4500 | ||
|---|---|---|---|
| 001 | 162114 | ||
| 003 | ES-MaACL | ||
| 005 | 20251121161548.0 | ||
| 008 | 041103s1874 sp |||| | spa d | ||
| 040 |
_aCAM _bspa _cCAM |
||
| 100 | 1 |
_aPiernas Hurtado, José María. _991942 |
|
| 245 | 1 | 0 |
_aIndicaciones sobre el concepto y plan de la ciencia económica _b: escritas para servir de apéndice al Tratado didáctico de economía política del Sr. Carreras y González / _cpor José M. Piernas y Hurtado. |
| 260 |
_aMadrid : _b[s.n.], _c1874 ( _fImprenta y libreria de Miguel Guijarro) |
||
| 300 |
_a31 p. ; _c21 cm. |
||
| 600 | 0 |
_aCarreras y González, Mariano _9227072 |
|
| 650 | 0 | 7 |
_aEconomía _2embne _912006 |
| 852 |
_aES-MaACL _jT-169-F-5 _z-- Enc. hol. _q-- Falto de la cub. original _z-- Enc. en un vol. facticio |
||
| 999 |
_c162114 _d162114 |
||